[Event "36th Olympiad"]
[Site "Calvia ESP"]
[Date "2004.10.26"]
[Round "11"]
[White "Berend,F"]
[Black "Rohl,J"]
[Result "0-1"]
[WhiteElo "2378"]
[BlackElo "2401"]

1.d4 Nf6 2.Bg5 Ne4 3.Bf4 c5 4.f3 Qa5+ 5.c3 Nf6 6.Nd2 cxd4 7.Nb3 Qb6 8.Qxd4 Nc6
9.Qxb6 axb6 10.Nd4 e5 11.Nxc6 dxc6 12.Bxe5 Be6 13.Bxf6 gxf6 14.e3 Bc5 15.Kf2 O-O-O
16.b4 Rd2+ 17.Be2 Be7 18.Nh3 Bxa2 19.Rhd1 Rhd8 20.Ke1 Rb2 21.Nf4 Rxd1+ 22.Rxd1 Rc2
23.Rd2 Rc1+ 24.Kf2 Bb3 25.Bd3 Rxc3 26.Bxh7 Bxb4 27.Bf5+ Kb8 28.Rd8+ Ka7 29.h4 Bc5
30.Bd3 f5 31.h5 Be7 32.Rd7 Bg5 33.Ne2 Be6 34.Rd6 Ra3 35.f4 Be7 36.Rxe6 fxe6
37.Bc4 Bc5 38.Nd4 e5 39.Nxf5 exf4 40.h6 fxe3+ 41.Ke2 Ra1 42.g4 Rh1 43.Kf3 b5
44.Bd3 Bf8 45.g5 b4 46.Ng3 Rh2 47.Kxe3 Bxh6 48.gxh6 Rxh6 49.Nf5 Rh3+ 50.Kd2 Kb6
51.Nd6 Rh6 52.Nf7 Re6 53.Kc2 Kc5 54.Ng5 Re7 55.Ne4+ Kd4 56.Nd2 Rg7 57.Nb3+ Ke3
58.Bf1 Rf7 59.Bh3 Rf2+ 60.Kb1 b6 61.Na1 Kd3 62.Nc2 c5 63.Bd7 Kc3 64.Ne3 Rd2
65.Bb5 b3 66.Kc1 Rd4 67.Bc6 Kb4 68.Nd5+ Ka3 69.Ne3  0-1

[Event "4th Rohde Open"]
[Site "Sautron FRA"]
[Date "2004.10.26"]
[Round "4"]
[White "Wirig,A"]
[Black "Gouliev,N"]
[Result "1/2-1/2"]
[WhiteElo "2408"]
[BlackElo "2509"]

1.d4 Nf6 2.Bg5 Ne4 3.Bf4 d5 4.e3 c5 5.Bd3 e6 6.Bxe4 dxe4 7.Nc3 cxd4 8.Qxd4 Qxd4
9.exd4 Bb4 10.Ne2 Nc6 11.O-O-O f5 12.Nb5 Ba5 13.g4 O-O 14.gxf5 Rxf5 15.Na3 e5
16.Be3 exd4 17.Nxd4 Nxd4 18.Rxd4 Be6 19.Nc4 Bc7 20.Nd6  1/2-1/2

[Event "36th Olympiad"]
[Site "Calvia ESP"]
[Date "2004.10.27"]
[Round "12"]
[White "Corke,A"]
[Black "Cave,C"]
[Result "1-0"]
[WhiteElo "2041"]
[BlackElo "2276"]

1.d4 Nf6 2.Bg5 Ne4 3.Bf4 d5 4.f3 Nf6 5.e4 e6 6.Bd3 c5 7.c3 Nc6 8.Ne2 Qb6
9.dxc5 Qxb2 10.Nd2 Bxc5 11.Nb3 Qa3 12.Bc1 Bf2+ 13.Kxf2 Qd6 14.Be3 b6 15.c4 dxe4
16.Bxe4 Nxe4+ 17.fxe4 Qe5 18.Nbd4 Qf6+ 19.Nf3 h6 20.Qd6 Bd7 21.c5 g5 22.Rhd1 Rd8
23.Kg1 g4 24.Nfd4 Ne5 25.Rf1 Qg7 26.Rac1 Bb5 27.Qc7 Rd7 28.Nxb5 Rxc7 29.Nxc7+ Ke7
30.cxb6 axb6 31.Bxb6 Nd7 32.Bd4 e5 33.Nd5+ Kd6 34.Bb2 Ra8 35.Rfd1 Ra7 36.Ne3+ Ke7
37.Nf5+ Kf6 38.Rc6+  1-0

[Event "36th Olympiad"]
[Site "Calvia ESP"]
[Date "2004.10.27"]
[Round "12"]
[White "Erhembayar,D"]
[Black "Ali,Se"]
[Result "1-0"]
[WhiteElo "2332"]
[BlackElo "2116"]

1.d4 Nf6 2.Bg5 Ne4 3.Bh4 g5 4.f3 gxh4 5.fxe4 c5 6.e3 Bh6 7.Qf3 Qb6 8.b3 cxd4
9.Bc4 Qa5+ 10.Ke2 dxe3 11.Qxf7+ Kd8 12.Nf3 Nc6 13.c3 h3 14.gxh3 Rf8 15.Qd5 d6
16.Bb5 Bxh3 17.Rg1 Bd7 18.a4 Qb6 19.Na3 a6 20.Nc4 Qa7 21.Nxd6 axb5 22.Rad1 e6
23.Qh5 Bf4 24.Qh4+ Ne7 25.Rg7 Bxd6 26.Rxd6 Re8 27.Ne5 b6 28.Rxe7  1-0

[Event "36th Olympiad w"]
[Site "Calvia ESP"]
[Date "2004.10.28"]
[Round "13"]
[White "Ribeiro,Re"]
[Black "Llaneza Vega,P"]
[Result "1/2-1/2"]
[WhiteElo "2076"]
[BlackElo "2181"]

1.d4 Nf6 2.Bg5 Ne4 3.Bf4 c5 4.f3 Qa5+ 5.c3 Nf6 6.d5 d6 7.e4 g6 8.Na3 Bg7
9.Qd2 Nbd7 10.Nh3 a6 11.Bh6 Bxh6 12.Qxh6 Ne5 13.Nf2 Bd7 14.Qd2 b5 15.Be2 g5
16.O-O h6 17.Nc2 Qb6 18.Kh1 Ng6 19.g3 Qb7 20.b3 Rb8 21.Ne3 Qc8 22.c4 b4 23.Rfe1 Kd8
24.Bf1 Kc7 25.Bg2 h5 26.a3 a5 27.axb4 axb4 28.Ra7+ Rb7 29.Rea1 Qb8 30.R7a6 Rb6
31.Ra7+ Rb7 32.R7a6 Rb6 33.Ra7+ Rb7 34.R7a5 h4 35.g4 Nf4 36.h3 Rc8 37.Nd3 Nxd3
38.Qxd3 Kd8 39.Bf1 Be8 40.Nf5 Nd7 41.Qe3 f6 42.f4 gxf4 43.Qxf4 Ne5 44.Nxh4 Bd7
45.Nf3 Nxf3 46.Qxf3 Kc7 47.Qf4  1/2-1/2

[Event "Corsica Masters"]
[Site "Bastia FRA"]
[Date "2004.10.29"]
[Round "1"]
[White "Milov,V"]
[Black "Battesti,S"]
[Result "1-0"]
[WhiteElo "2683"]
[BlackElo "1864"]

1.d4 Nf6 2.Bg5 Ne4 3.Bf4 d5 4.f3 Nf6 5.e4 dxe4 6.Nc3 exf3 7.Nxf3 Bg4 8.h3 Bh5
9.g4 Bg6 10.Ne5 Nd5 11.Qf3 e6 12.O-O-O Be7 13.Nxd5 Qxd5 14.Qxd5 exd5 15.Nxg6 hxg6
16.Bxc7 Bg5+ 17.Kb1 Kd7 18.Bg3 Kc6 19.Bg2 Nd7 20.c4 Nb6 21.cxd5+ Kd7 22.Rhf1 Rhf8
23.Rf3 Nc4 24.Rb3 Nd2+ 25.Rxd2 Bxd2 26.Rxb7+ Kd8 27.Bc7+ Kc8 28.d6  1-0

[Event "4th Rohde Open"]
[Site "Sautron FRA"]
[Date "2004.10.30"]
[Round "8"]
[White "Wirig,A"]
[Black "Picard,C"]
[Result "0-1"]
[WhiteElo "2408"]
[BlackElo "2145"]

1.d4 Nf6 2.Bg5 Ne4 3.Bf4 c5 4.f3 Qa5+ 5.c3 Nf6 6.Nd2 cxd4 7.Nb3 Qb6 8.Qxd4 Nc6
9.Qxb6 axb6 10.Be3 b5 11.Nd4 Nxd4 12.Bxd4 d5 13.e4 Bd7 14.e5 Ng8 15.a3 e6
16.Rd1 Ne7 17.f4 Nf5 18.Nf3 Be7 19.Bf2 O-O 20.Bd3 Nh6 21.Nd4 Ra5 22.Nb3 Raa8
23.Bc5 Bxc5 24.Nxc5 Bc6 25.O-O g6 26.Nb3 Nf5 27.Bxf5 gxf5 28.Nd4 Kh8 29.Rf3 Rg8
30.Kf2 Rg6 31.Rdd3 Kg7 32.Rg3 Bd7 33.Nf3 Kf8 34.Rh3 h6 35.Rg3 Kg7 36.Nh4 Rxg3
37.Rxg3+ Kh7 38.Nf3 Be8 39.Nd4 Bd7 40.Rd3 Kg7 41.Ne2 Bc6 42.Rd4 Kg6 43.Rb4 Bd7
44.Nd4 Ra5 45.Ke3 Kh5 46.Nf3 Ra8 47.h3 Be8 48.Rd4 Bc6 49.g3 Ra5 50.Rd1 Ra8
51.Nd4 Bd7 52.Rg1 Kg6 53.g4 fxg4 54.hxg4 Re8 55.f5+ Kh7 56.f6 Kg6 57.Kf4 Rc8
58.Rh1 Rc4 59.Rh4 Be8 60.Kg3 Ra4 61.Kf2 Rc4 62.Ke3 Bd7 63.Kd3 Ra4 64.Kd2 Be8
65.Kc2 Bd7 66.Kc1 Be8 67.b4 Rxa3 68.Kb2 Ra8 69.Ne2 Rc8 70.Nf4+ Kh7 71.g5 Rc4
72.Rxh6+ Kg8 73.Nd3 Rg4 74.Rh5 d4 75.cxd4 Rxd4 76.Kc3 Rc4+ 77.Kd2 Bc6 78.Ke3 Re4+
79.Kf2 Rg4 80.Ke3 Re4+ 81.Kd2 Rg4 82.Nf2 Rxb4 83.g6 fxg6 84.Rh6 Be8 85.Ke3 Rb1
86.Ng4 b4 87.Rh2 Rc1 88.Nh6+ Kf8 89.Ng4 Kg8 90.Ra2 Rh1 91.Rb2 Rh3+ 92.Kf4 b3
93.Nf2 Rc3 94.Ne4 Rc4 95.Ke3 Bc6 96.Ng5 Rg4 97.Nxe6 Re4+ 98.Kd3 Rxe5 99.Nd4 Kf7
100.Rxb3 Kxf6 101.Rb2 g5 102.Rf2+ Kg6 103.Rf8 g4 104.Rg8+ Kh5 105.Rh8+ Kg5
106.Rg8+ Kh4 107.Rh8+ Kg3 108.Ne2+ Kf2 109.Rf8+ Bf3 110.Nf4 Be4+ 111.Kd2 Rf5  0-1

[Event "Venetian Autumn Open"]
[Site "Venice ITA"]
[Date "2004.10.30"]
[Round "2"]
[White "Quaranta,C"]
[Black "Gallo,E"]
[Result "1-0"]
[WhiteElo "2091"]
[BlackElo "2159"]

1.d4 Nf6 2.Bg5 Ne4 3.Bf4 d5 4.f3 Nd6 5.e4 e6 6.Nc3 c6 7.Bd3 Be7 8.Nge2 b5
9.e5 Nf5 10.Qd2 Nd7 11.Bg3 Nb6 12.b3 a5 13.Bf2 a4 14.O-O b4 15.Nd1 Ba6 16.Ne3 Nxe3
17.Bxe3 Bxd3 18.Qxd3 Ra5 19.f4 O-O 20.f5 exf5 21.Qxf5 Qc8 22.Qh5 c5 23.Rf3 cxd4
24.Rh3 Qxc2 25.Bxd4 axb3 26.Rc1 Qg6 27.Qxg6 fxg6 28.Bxb6 Rb5 29.Bd4 bxa2
30.Rb3 Ra8 31.Ra1 Bg5 32.Nc3 bxc3 33.Rxb5 c2 34.Rc5 Ra4 35.Rc8+ Kf7 36.Bb2 Rc4
37.Rxc4 dxc4 38.Kf2 Ke6 39.Ke2 Kd5 40.Bc1  1-0

[Event "WYb14"]
[Site "Heraklio GRE"]
[Date "2004.11.04"]
[Round "1"]
[White "Nguyen Ngoc Truongson"]
[Black "Pacher,M"]
[Result "1-0"]
[WhiteElo "2527"]
[BlackElo "2063"]

1.d4 Nf6 2.Bg5 Ne4 3.Bf4 c5 4.f3 Nf6 5.dxc5 Qa5+ 6.Qd2 Qxc5 7.Nc3 d6 8.e4 g6
9.Be3 Qa5 10.Nb5 Qd8 11.Nxa7 Nc6 12.Nxc8 Qxc8 13.Bb5 Bg7 14.Ne2 O-O 15.O-O Ne5
16.a4 Nc4 17.Bxc4 Qxc4 18.b3 Qc7 19.c4 e6 20.Nc3 Rad8 21.Nb5 Qe7 22.Qb4 Rfe8
23.Rad1 d5 24.Qxe7 Rxe7 25.Bg5 h6 26.Bxf6 Bxf6 27.Rd3 d4 28.c5 e5 29.a5 Red7
30.b4 Ra8 31.Nd6 Bd8 32.Nc4 f6 33.Ra1 Kf7 34.Rda3 Ke6 35.Kf2 d3 36.Rd1 Rd4
37.Rc3 Bc7 38.Rdxd3 Rad8 39.Rxd4 Rxd4 40.b5 Rd1 41.b6 Bd8 42.a6 bxa6 43.c6  1-0

[Event "WYb14"]
[Site "Heraklio GRE"]
[Date "2004.11.05"]
[Round "2"]
[White "Feller,S"]
[Black "Spoelman,W"]
[Result "0-1"]
[WhiteElo "2191"]
[BlackElo "2357"]

1.d4 Nf6 2.Bg5 Ne4 3.Bf4 c5 4.f3 Qa5+ 5.c3 Nf6 6.Nd2 cxd4 7.Nb3 Qd8 8.cxd4 d5
9.Rc1 Nc6 10.e3 e6 11.Bb5 Bd7 12.g4 Bb4+ 13.Kf1 Ne5 14.Qe2 Ng6 15.Bc7 Qe7
16.g5 Bxb5 17.Qxb5+ Nd7 18.a3 Bd6 19.Bxd6 Qxd6 20.Nc5 Rc8 21.Rc3 Qc6 22.Qxb7 Qxb7
23.Nxb7 Rxc3 24.bxc3 Ke7 25.Ne2 Rb8 26.Na5 Rb1+ 27.Kg2 Nh4+  0-1

[Event "Extraliga CZE 2004-5"]
[Site "Czech Rep CZE"]
[Date "2004.11.06"]
[Round "1"]
[White "Chytilek,R"]
[Black "Gross,Dav CZE"]
[Result "0-1"]
[WhiteElo "2424"]
[BlackElo "2400"]

1.d4 Nf6 2.Bg5 Ne4 3.Bf4 c5 4.f3 Nf6 5.d5 d6 6.e4 g6 7.c4 Bg7 8.Nc3 O-O 9.Qd2 a6
10.a4 b6 11.Bd3 e6 12.Nge2 exd5 13.cxd5 Ra7 14.O-O Re7 15.Rab1 Qc7 16.Ng3 h5
17.Bg5 Ree8 18.Kh1 Nbd7 19.Bc2 c4 20.Nge2 Nc5 21.Nd4 Bd7 22.Rbd1 Nh7 23.Bf4 Rb8
24.Nc6 Rb7 25.Rfe1 Bxc6 26.dxc6 Qxc6 27.Bxd6 Rd8 28.e5 Bf8 29.Qe2 Bxd6 30.exd6 Rxd6
31.Qxc4 Rxd1 32.Rxd1 b5 33.Rd8+ Nf8 34.axb5 axb5 35.Qb4 Qb6 36.Ra8 Ne6 37.Be4 Qf2
38.Ra1 Nf4 39.Rg1 Rd7 40.Qxb5 Rd2 41.Qg5 Nh3  0-1

[Event "WYb12"]
[Site "Heraklio GRE"]
[Date "2004.11.08"]
[Round "6"]
[White "Safarli,E"]
[Black "Delivre,R"]
[Result "1-0"]
[WhiteElo "2306"]
[BlackElo "1976"]

1.d4 Nf6 2.Bg5 Ne4 3.Bf4 c5 4.f3 Nf6 5.dxc5 Qa5+ 6.Nc3 Qxc5 7.e4 d6 8.Qd2 Nc6
9.g4 h6 10.h4 Be6 11.O-O-O Rc8 12.Kb1 Qa5 13.Nge2 g6 14.Nd5 Bxd5 15.Qxa5 Nxa5
16.exd5 Bg7 17.Nc3 O-O 18.Bh3 Rc4 19.Be3 Nh7 20.Ne2 Rb4 21.c3 Rxb2+ 22.Kxb2 Nc4+
23.Kb3 Nxe3 24.Rd3  1-0

[Event "WYb14"]
[Site "Heraklio GRE"]
[Date "2004.11.12"]
[Round "10"]
[White "Nguyen Ngoc Truongson"]
[Black "Edouard,R"]
[Result "1-0"]
[WhiteElo "2527"]
[BlackElo "2212"]

1.d4 Nf6 2.Bg5 Ne4 3.Bf4 c5 4.f3 Qa5+ 5.c3 Nf6 6.Nd2 cxd4 7.Nb3 Qd8 8.cxd4 d5
9.e3 Nc6 10.Bb5 e6 11.Bxc6+ bxc6 12.Rc1 Bb4+ 13.Kf2 Qb6 14.Qc2 Nh5 15.Ne2 Bb7
16.Nc5 Nxf4 17.exf4 Bxc5 18.Qxc5 Kd7 19.b3 Ba6 20.Ng3 g6 21.Rhe1 Rab8 22.Re3 Qxc5
23.Rxc5 Rb5 24.Rec3 Rxc5 25.Rxc5 Rb8 26.Ra5 Rb6 27.Ne2 Bb7 28.Rxa7 Rb4 29.Nc1 Kc7
30.Ke3 Kb6 31.Nd3 Rb5 32.Ra4 Ra5 33.Rxa5 Kxa5 34.Ne5 f6 35.Nd7 Kb4 36.Kd2 g5
37.Nxf6 gxf4 38.Nxh7 c5 39.Ng5  1-0

[Event "WYb12"]
[Site "Heraklio GRE"]
[Date "2004.11.13"]
[Round "11"]
[White "Safarli,E"]
[Black "Liu Qingnan"]
[Result "1/2-1/2"]
[WhiteElo "2306"]
[BlackElo "2320"]

1.d4 Nf6 2.Bg5 Ne4 3.Bf4 c5 4.f3 Nf6 5.dxc5 Qa5+ 6.Nc3 Qxc5 7.e4 d6 8.Qd2 Be6
9.g4 g6 10.h4 h5 11.g5 Nfd7 12.Be3 Qc8 13.Nge2 Ne5 14.Nd4 Nbc6 15.Be2 Bg7
16.O-O-O Bc4 17.Kb1 O-O 18.Nd5 Qd7 19.c3 Rfc8 20.f4 Bxd5 21.exd5 Nxd4 22.Bxd4 Qf5+
23.Ka1 Nc4 24.Bxc4 Rxc4 25.Qe2 Rc7 26.Bxg7 Kxg7 27.Rd4 a6 28.Re1 b5 29.Qe3  1/2-1/2

[Event "3rd Cup Russia Wom Final"]
[Site "Voronezh RUS"]
[Date "2004.11.16"]
[Round "4"]
[White "Eidelson,R"]
[Black "Semenova,Ir"]
[Result "0-1"]
[WhiteElo "2268"]
[BlackElo "2287"]

1.d4 Nf6 2.Bg5 Ne4 3.Bf4 d6 4.f3 Nf6 5.e4 g6 6.Qd2 Nbd7 7.Nc3 e5 8.dxe5 dxe5
9.Be3 c6 10.g4 Bc5 11.Bxc5 Nxc5 12.Qg5 Qe7 13.Qe3 Bd7 14.h4 h6 15.Nh3 Ne6
16.Bc4 Nd4 17.Bd3 Qc5 18.Qf2 O-O-O 19.O-O-O h5 20.Kb1 hxg4 21.Ng5 Be6 22.f4 exf4
23.Qxf4 Qe7 24.Qf2 Nh5 25.Nxe6 Qxe6 26.Bf1 c5 27.Bg2 Kb8 28.Nd5 b6 29.Nf4 Qf6
30.Rhf1 Nxf4 31.Qxf4+ Qxf4 32.Rxf4 Ne6 33.Rff1 Rxd1+ 34.Rxd1 Rxh4 35.e5 Kc7
36.c3 Rh5 37.Re1 Nf4 38.Bf1 Rh1 39.Kc2 g3  0-1

[Event "TCh-ISL 2004-5"]
[Site "Reykjavik ISL"]
[Date "2004.11.19"]
[Round "1"]
[White "Thorfinnsson,Bj"]
[Black "Kristinsson,B"]
[Result "1-0"]
[WhiteElo "2338"]
[BlackElo "2173"]

1.d4 Nf6 2.Bg5 Ne4 3.Bf4 c5 4.f3 Nf6 5.d5 Qb6 6.Bc1 e6 7.e4 Be7 8.Na3 d6
9.Nc4 Qd8 10.Ne3 O-O 11.c4 Na6 12.Bd3 Nc7 13.a4 b6 14.Ne2 Rb8 15.Qc2 a6 16.O-O b5
17.b3 bxc4 18.bxc4 a5 19.f4 Nfe8 20.Bb2 Na6 21.e5 g6 22.exd6 Bf6 23.Be5 Nb4
24.Qc3 Bg7 25.Rad1 Rb6 26.dxe6 Bxe6 27.f5 Bxe5 28.Qxe5 Rxd6 29.Bb1 Bc8 30.fxg6 hxg6
31.Qxc5 Qb6 32.Qxb6 Rxb6 33.Nf4 Nf6 34.Rd4 Bb7 35.c5 Rc6 36.Rd6 Rxd6 37.cxd6 Rd8
38.Nc4 Ne4 39.Nxa5 Ba8 40.Bxe4 Bxe4 41.Rd1 Bc6 42.Nxc6 Nxc6 43.Nd5 Kg7 44.Nc3 Kf6
45.Kf2 Ke6 46.Nb5 Kd7 47.Ke3 Rh8 48.Rf1 f5 49.h3 Rh4 50.Rf4 Rh8 51.Kd2 Ke6
52.Kc3 Ne5 53.Rf1 Rc8+ 54.Kb3 Nd7 55.Re1+ Kd5 56.Rd1+ Ke5 57.Kb4 Nb6 58.Nc7 Rb8
59.a5 Nd5+ 60.Kc5 Nc3 61.Rd3  1-0

[Event "XLIII WJun"]
[Site "Kochin IND"]
[Date "2004.11.20"]
[Round "1"]
[White "Poobesh Anand,S"]
[Black "Venkat,S"]
[Result "1-0"]
[WhiteElo "2367"]
[BlackElo "2152"]

1.d4 Nf6 2.Bg5 Ne4 3.Bf4 c5 4.f3 Qa5+ 5.c3 Nf6 6.d5 Qb6 7.Bc1 e6 8.e4 exd5
9.exd5 Be7 10.c4 O-O 11.Bd3 Re8 12.Ne2 d6 13.O-O Nxd5 14.Bxh7+ Kxh7 15.Qxd5 Bf6
16.Nbc3 Be6 17.Qd3+ Kg8 18.Ne4 Nd7 19.Nxf6+ Nxf6 20.b3 d5 21.Bg5 dxc4 22.bxc4 Rad8
23.Qc3 Bf5 24.Nf4 Rd4 25.Rae1 Qc6 26.Bxf6 Rxe1 27.Bxd4 Rxf1+ 28.Kxf1 cxd4
29.Qxd4 Bb1 30.Nd5 Kf8 31.Kf2 a5 32.Nc3 Bf5 33.Qd8+ Qe8 34.Qxa5  1-0

[Event "Acropolis IM Open"]
[Site "Athens GRE"]
[Date "2004.11.22"]
[Round "7"]
[White "Michos,T"]
[Black "Georgiev,Vl"]
[Result "1/2-1/2"]
[WhiteElo "2219"]
[BlackElo "2512"]

1.d4 Nf6 2.Bg5 Ne4 3.Bf4 d5 4.Nd2 Bf5 5.e3 Nf6 6.c3 h6 7.Qb3 Qc8 8.Ngf3 e6
9.c4 Be7 10.Rc1 c6 11.h3 a5 12.a3 a4 13.Qd1 O-O 14.Be2 Qd8 15.cxd5 exd5 16.Rc3 Nbd7
17.O-O Nb6 18.Ne5 Ne4 19.Nxe4 dxe4 20.Bh2 Nd5 21.Rc1 Bh7 22.Bg4 Nb6 23.Nc4 Nd5
24.Ne5 Bg5 25.Nd7 Re8 26.Nc5 Re7 27.Re1 f5 28.Be2 Kh8 29.Bc4 b5 30.Bxd5 Qxd5
31.Be5 Bg8 32.g3 Rf8 33.Na6 Rxe5 34.Nb4 Qd6 35.Rxc6 Qb8 36.dxe5 Qxe5 37.Qd6 Qxd6
38.Rxd6 Bf6 39.Rd2 Rc8 40.Rb1 Bb3 41.Kg2 Kh7 42.Nd5 Bd8 43.h4 Ba5 44.Rd4 Rc2
45.Nb4 Bxb4 46.Rxb4 Bc4 47.Rd1 Be2 48.Re1 Bc4 49.Rd1 Kg6 50.Rd6+ Kh5 51.Rc6 Rc1
52.Rcxc4 bxc4 53.Rxa4 g5 54.hxg5 hxg5 55.Rb4 Kg4 56.Rb8 c3 57.bxc3 Rxc3 58.Ra8 Rc2
59.Rb8 Ra2 60.Rb3 f4 61.gxf4 gxf4 62.exf4 Kxf4 63.Rc3 Ra1 64.Rb3 Ra2 65.Rh3 Ra1
66.Rh4+ Ke5 67.Rh5+ Kf4 68.Rh4+ Ke5 69.Rh5+ Kf4  1/2-1/2

[Event "XLIII WJun"]
[Site "Kochin IND"]
[Date "2004.11.23"]
[Round "7"]
[White "Nanjo,R"]
[Black "Gopal,G"]
[Result "1/2-1/2"]
[WhiteElo "2154"]
[BlackElo "2278"]

1.d4 Nf6 2.Bg5 Ne4 3.Bf4 d5 4.e3 g6 5.Bd3 Bg7 6.Bxe4 dxe4 7.Nc3 c5 8.Nge2 Bf5
9.O-O Nd7 10.Ng3 cxd4 11.exd4 Nf6 12.Nxf5 gxf5 13.Be5 Rg8 14.f3 Nd5 15.Nxd5 Qxd5
16.fxe4 Qxe4 17.Re1 Qc6 18.Qd2 Rd8 19.c3 e6 20.Qg5 h6 21.Qg3 Kf8 22.Qh4 Rd7
23.g3 Bxe5 24.Rxe5 Rg6 25.Qf4 Qd6 26.b4 Kg8 27.Rf1 Kh7 28.Rc5 Qa6 29.Rf2 b6
30.Re5 Qc4 31.Qf3 Rc7 32.Re3 Rd7  1/2-1/2

[Event "17th Belgrade Trophy"]
[Site "Obrenovac SCG"]
[Date "2004.11.23"]
[Round "2"]
[White "Lundin,J"]
[Black "Raicevic,V1"]
[Result "1/2-1/2"]
[WhiteElo "2299"]
[BlackElo "2461"]

1.d4 Nf6 2.Bg5 Ne4 3.Bf4 d5 4.f3 Nf6 5.Nc3 e6 6.e4 a6 7.Be3 b6 8.e5 Nfd7
9.f4 c5 10.Nf3 Nc6 11.a3 Qc7 12.Bd3 cxd4 13.Nxd4 Nxd4 14.Bxd4 Bc5 15.Ne2 a5
16.c3 Ba6 17.a4 Bxd3 18.Qxd3 O-O 19.O-O f6 20.exf6 Nxf6 21.Ng3 Rae8 22.Rae1 Ng4
23.h3 Nf6 24.Kh1 Bd6 25.Qe3 Bc5 26.Qd3 Bd6 27.Qe3 Bc5  1/2-1/2

[Event "17th Belgrade Trophy"]
[Site "Obrenovac SCG"]
[Date "2004.11.25"]
[Round "4"]
[White "Lundin,J"]
[Black "Kerecki,L"]
[Result "1-0"]
[WhiteElo "2299"]
[BlackElo "2101"]

1.d4 Nf6 2.Bg5 Ne4 3.Bf4 d5 4.f3 Nd6 5.Nc3 e6 6.e4 c6 7.Bd3 b6 8.Qe2 Be7
9.Nh3 a5 10.O-O Ba6 11.Nf2 O-O 12.Rfe1 Ra7 13.Ncd1 c5 14.dxc5 bxc5 15.Bxa6 Nxa6
16.exd5 exd5 17.Ne3 d4 18.Nd5 Nf5 19.Qe4 Rd7 20.c4 dxc3 21.Rad1 c2 22.Nxe7+ Qxe7
23.Qxc2 Rxd1 24.Qxd1 Qf6 25.Be5 Qb6 26.Qd7 Qg6 27.a3 h5 28.Nd3 Qg5 29.Bf4 Qf6
30.Re8 Rxe8 31.Qxe8+ Kh7 32.Qe4 g6 33.Be5 Qb6 34.Bc3 c4+ 35.Nf2 Qc5 36.Qa8 Nd4
37.Kf1 Nc7 38.Qxa5 Ndb5 39.Ne4 Qe3 40.Nf6+ Kg7 41.Nd5+ Nxc3  1-0

[Event "XLIII WJun"]
[Site "Kochin IND"]
[Date "2004.11.27"]
[Round "11"]
[White "Nanjo,R"]
[Black "Mishra,S"]
[Result "1/2-1/2"]
[WhiteElo "2154"]
[BlackElo "2299"]

1.d4 Nf6 2.Bg5 Ne4 3.Bf4 d5 4.e3 e6 5.Bd3 Nf6 6.c4 Bb4+ 7.Nc3 dxc4 8.Bxc4 Nd5
9.Ne2 Nxf4 10.Nxf4 O-O 11.O-O Bd6 12.Nd3 Nc6 13.f4 Na5 14.Bb5 a6 15.Ba4 b5
16.Bc2 Bb7 17.Rc1 Nc4 18.Qe1 Qf6 19.b3 Na3 20.Bd1 Qg6 21.Qd2 b4 22.Na4 Bxg2
23.Qxg2 Qxd3 24.Rf3 Qe4 25.Kf2 Rad8 26.Be2 Nb5 27.Qf1 Nxd4 28.exd4 Bxf4 29.Rc4 Bxh2
30.d5 Qxd5 31.Qh3 Be5 32.Rh4 Qd2 33.Rd3 Rxd3 34.Qxd3 Qxd3 35.Bxd3 Rd8  1/2-1/2

[Event "17th Belgrade Trophy"]
[Site "Obrenovac SCG"]
[Date "2004.11.30"]
[Round "9"]
[White "Krgovic,V"]
[Black "Gavrilovic,L"]
[Result "0-1"]
[WhiteElo "2152"]
[BlackElo "2238"]

1.d4 Nf6 2.Bg5 Ne4 3.Bh4 c5 4.f3 g5 5.fxe4 gxh4 6.e3 Qb6 7.Nc3 Bg7 8.Nf3 Nc6
9.Nd5 Qd8 10.c3 d6 11.Bc4 e5 12.O-O h3 13.g3 Bg4 14.Qb3 O-O 15.Qxb7 Na5 16.Qa6 Kh8
17.b4 Nxc4 18.Qxc4 cxd4 19.exd4 f5 20.dxe5 Rc8 21.Qd3 dxe5 22.Rad1 Qe8 23.Ne3 Bh5
24.Nd5 Bg4 25.Rde1 Qa4 26.Nd2 Qxa2 27.Rf2 fxe4 28.Nxe4 Rxf2 29.Nxf2 Rf8  0-1

[Event "Open"]
[Site "Porec HUN"]
[Date "2004.12.03"]
[Round "3"]
[White "Doric,D"]
[Black "Jakovljevski,R"]
[Result "1-0"]
[WhiteElo "2324"]
[BlackElo "2090"]

1.d4 Nf6 2.Bg5 Ne4 3.Bf4 d5 4.Nd2 Nxd2 5.Qxd2 e6 6.e3 Bd6 7.Bg3 O-O 8.Nf3 b6
9.c3 c5 10.Bd3 Ba6 11.Bxa6 Nxa6 12.O-O Bxg3 13.hxg3 Nc7 14.Rfe1 f5 15.Ne5 Ne8
16.dxc5 bxc5 17.c4 Nf6 18.cxd5 exd5 19.Red1 Qd6 20.Nf3 Rad8 21.b3 Ne4 22.Qc2 Rf7
23.Rac1 g5 24.Nd2 Rc7 25.Nxe4 fxe4 26.Rd2 Qe5 27.Qd1 Kg7 28.Rdc2 Re8 29.Qe2 h6
30.Qb5 Qd6 31.Rd2 Rd8 32.Rcd1 Qe5 33.Qa5 Kf6 34.Rc2 Rdc8 35.Qa6+ Qe6 36.Qa5 Qe5
37.Kh2 h5 38.Rcd2 Rd8 39.Kg1 Rcd7 40.Qa6+ Qe6 41.Qb5 Qb6 42.Qe2 g4 43.Rc1 Rc7
44.Rdc2 Rdc8 45.Qd2 Qd6 46.Rc4 Ke7 47.Ra4 Qe5 48.Ra5 Kf7 49.b4 cxb4 50.Rxc7+ Rxc7
51.Rxd5 Qc3 52.Rf5+ Kg8 53.Qd6 Qg7 54.Qd8+ Kh7  1-0

[Event "Region Champ"]
[Site "Voronezh RUS"]
[Date "2004.12.06"]
[Round "4"]
[White "Chernyshov,K"]
[Black "Lukovnikov,A"]
[Result "1-0"]
[WhiteElo "2569"]
[BlackElo "2351"]

1.d4 Nf6 2.Bg5 Ne4 3.Bf4 c5 4.f3 Nf6 5.d5 d6 6.e4 e5 7.Be3 Be7 8.Qd2 Na6
9.c4 Nc7 10.Nc3 a6 11.a4 Rb8 12.a5 b5 13.axb6 Rxb6 14.Bd3 O-O 15.Nge2 Nfe8
16.O-O Bd7 17.Na2 a5 18.Qxa5 Rxb2 19.Rab1 Rxb1 20.Rxb1 Bg5 21.Bf2 g6 22.Qa7 f5
23.Rb8 Bc8 24.Qa5 fxe4 25.Bxe4 Nf6 26.Nac3 Qe7 27.Rb6 Bd7 28.Rb7 Nce8 29.Qa7 Rf7
30.Bc2 Qd8 31.Ba4 Bxa4 32.Rxf7 Bd7 33.Rxf6 Nxf6 34.Ng3 Bh4 35.Nce4 Nxe4 36.Nxe4 Bf5
37.Bxh4 Qxh4 38.Qb8+ Kg7 39.Qc7+ Kh8 40.g3 Qh6 41.Qd8+ Kg7 42.Ng5  1-0

[Event "ch-GRE"]
[Site "Athens GRE"]
[Date "2004.12.08"]
[Round "5"]
[White "Halkias,S"]
[Black "Tsanas,A"]
[Result "1-0"]
[WhiteElo "2526"]
[BlackElo "2283"]

1.d4 Nf6 2.Bg5 Ne4 3.Bh4 g5 4.f3 gxh4 5.fxe4 c5 6.e3 Bh6 7.Na3 Bxe3 8.d5 d6
9.Qh5 Nd7 10.Nc4 Bxg1 11.Rxg1 b5 12.Nd2 Qa5 13.Qxh4 Ne5 14.c3 Ba6 15.Qh3 Rb8
16.a3 Qb6 17.Be2 Bc8 18.Qe3 Bg4 19.Nf3 Bxf3 20.gxf3 Kd7 21.f4 Nc4 22.Qh3+ Kc7
23.Rg7 Rbg8 24.Qg3 Qb8 25.O-O-O Na5 26.Rg1 Rf8 27.Qh4 Qe8 28.Kb1 Nb3 29.e5 b4
30.cxb4 cxb4 31.Qg3 Nd4 32.Qe3 Nxe2 33.Qxa7+ Kd8 34.Qb8+ Kd7 35.Qb7+ Kd8
36.e6  1-0

[Event "XII It"]
[Site "Solin-Split CRO"]
[Date "2004.12.10"]
[Round "7"]
[White "Kovacevic,B"]
[Black "Brkic,A"]
[Result "0-1"]
[WhiteElo "2503"]
[BlackElo "2454"]

1.d4 Nf6 2.Bg5 Ne4 3.Bf4 c5 4.f3 Qa5+ 5.c3 Nf6 6.d5 Qb6 7.Bc1 e6 8.c4 exd5
9.cxd5 c4 10.e3 Bc5 11.Kf2 O-O 12.Bxc4 Re8 13.Qb3 Qd8 14.Ne2 d6 15.Rd1 a6
16.a4 Nbd7 17.Ng3 h5 18.Be2 h4 19.Nf1 Nh5 20.a5 Nf4 21.Ra4 Nxe2 22.Kxe2 h3
23.g3 Ne5 24.Nc3 Bd7 25.Re4 Qxa5 26.Kf2 b5 27.Ne2 Rac8 28.Bd2 Qb6 29.Bb4 Bf5
30.Bxc5 Rxc5 31.Rdd4 Bxe4 32.Rxe4 Rc4 33.Nd4 Rec8 34.Nc6 Qc7 35.Nxe5 Rc2+
36.Ke1 Qa5+  0-1

[Event "Region Champ"]
[Site "Voronezh RUS"]
[Date "2004.12.11"]
[Round "9"]
[White "Chernyshov,K"]
[Black "Severgin,V"]
[Result "1-0"]
[WhiteElo "2569"]
[BlackElo "2229"]

1.d4 Nf6 2.Bg5 Ne4 3.Bf4 d5 4.Nd2 Bf5 5.Nxe4 Bxe4 6.c3 c6 7.f3 Bg6 8.h4 h6
9.h5 Bh7 10.e3 e6 11.Bd3 Bxd3 12.Qxd3 Bd6 13.Ne2 Bxf4 14.exf4 Nd7 15.g4 Qb6
16.O-O-O O-O-O 17.Kb1 Kb8 18.Qe3 c5 19.f5 cxd4 20.cxd4 exf5 21.Qf4+ Ka8 22.Nc3 Nf6
23.Qxf5 Qe6 24.Qf4 Qd6 25.Qxd6 Rxd6 26.Rhe1 Rd7 27.Re5 Kb8 28.Rde1 Kc8 29.Rf5 Kd8
30.Ree5 Re8 31.g5 Rxe5 32.dxe5 Nh7 33.g6 fxg6 34.hxg6 Ng5 35.Rf8+ Ke7 36.Rg8 Ke6
37.f4 Ne4 38.Re8+ Kf5 39.Nb5 d4 40.e6 Rd5 41.e7 Rc5 42.Rf8+ Kg4 43.a3 d3
44.e8=Q d2 45.Qd7+ Kh4 46.Nc3  1-0

[Event "Master Open"]
[Site "Singapore SIN"]
[Date "2004.12.15"]
[Round "7"]
[White "Sadorra,J"]
[Black "Gokhale,A"]
[Result "1-0"]
[WhiteElo "2300"]
[BlackElo "2188"]

1.d4 Nf6 2.Bg5 Ne4 3.Bf4 c5 4.f3 Qa5+ 5.c3 Nf6 6.d5 Qb6 7.Bc1 e6 8.c4 Bd6
9.Nc3 a6 10.e4 Qc7 11.Nh3 exd5 12.Nxd5 Nxd5 13.cxd5 Be5 14.f4 Bd4 15.Ng5 d6
16.Nf3 Bg4 17.Qa4+ b5 18.Bxb5+ axb5 19.Qxa8 Bxf3 20.gxf3 O-O 21.Qa3 c4 22.Bd2 Nd7
23.Rd1 Qd8 24.Ke2 Qf6 25.Be3 Bxb2 26.Qb4 c3 27.Rb1 Qg6 28.Rbg1 Qh5 29.Bd4 g6
30.Qxd6 Re8 31.Qxd7 Rxe4+ 32.Be3 Kg7 33.Rg5 Rxe3+ 34.Kxe3 Qh4 35.Qc7 Qh3
36.Qe5+ Kg8 37.f5 Qh6 38.Qe8+ Kg7 39.f6+  1-0

[Event "Open"]
[Site "Zadar CRO"]
[Date "2004.12.18"]
[Round "8"]
[White "Doric,D"]
[Black "Skrbin,K"]
[Result "1-0"]
[WhiteElo "2324"]
[BlackElo "2182"]

1.d4 Nf6 2.Bg5 Ne4 3.Bf4 d5 4.e3 Bf5 5.f3 Nf6 6.c4 e6 7.Nc3 c6 8.Qb3 Qb6
9.c5 Qxb3 10.axb3 Be7 11.g4 Bc2 12.b4 O-O 13.Kd2 Bg6 14.b5 Nfd7 15.b4 cxb5
16.Bxb5 Nc6 17.Bxc6 bxc6 18.Ra6 Nb8 19.Ra4 a6 20.Nge2 Ra7 21.Rha1 Rb7 22.R1a2 f6
23.Bxb8 Rfxb8 24.Rxa6 Be8 25.Ra7 Kf7 26.Rxb7 Rxb7 27.Ra4 e5 28.Kc2 Bd7 29.Kb3 f5
30.gxf5 Bxf5 31.Ra6 Bd7 32.b5 exd4 33.exd4 Bf6 34.Ka2 Rc7 35.b6  1-0

[Event "34th Rilton Cup"]
[Site "Stockholm SWE"]
[Date "2004.12.28"]
[Round "2"]
[White "Lindberg,Bo"]
[Black "Volkov,S1"]
[Result "0-1"]
[WhiteElo "2326"]
[BlackElo "2628"]

1.d4 Nf6 2.Bg5 Ne4 3.Bf4 c5 4.f3 Qa5+ 5.c3 Nf6 6.Nd2 cxd4 7.Nc4 Qd5 8.cxd4 Nc6
9.e3 Nh5 10.Be5 Nxe5 11.dxe5 Qxd1+ 12.Rxd1 g6 13.a4 f6 14.g4 Ng7 15.exf6 exf6
16.Nd6+ Bxd6 17.Rxd6 Ke7 18.Rd2 d6 19.Ne2 Bd7 20.Nc3 Bc6 21.Bc4 Rac8 22.Bd5 h5
23.Rg1 g5 24.f4 Ne6 25.fxg5 Nxg5 26.h4 Ne6 27.g5 fxg5 28.Bxe6 Kxe6 29.Rxg5 Rcg8
30.Nb5 Rxg5 31.hxg5 Bxb5 32.axb5 Rg8 33.Rg2 Rg7 34.b3 b6 35.Kd1 Kf5 36.Rd2 Ke5
37.Rg2 Ke4 38.Rg3 Kf5 39.g6 Rxg6 40.e4+ Kf6 41.Rf3+ Ke6 42.Rf5 h4 43.Ke2 Rh6
44.Rf2 h3 45.Rh2 Ke5 46.Ke3 Rh8 47.Kd3 Kf4 48.Kd4 Rh5  0-1